000 00931nas a2200265 4500
001 BR8100404
003 BR-BrBNA
005 20231205084508.0
007 ta
008 230509b bl.|||p| |||| 00| 00por d
040 _aBR-BrBNA
_bpor
_cBiblioteca Nacional de Agricultura
041 _a(Pt)
072 _aK10
100 1 _aFlor, H. de M.
100 1 _aReis, G.M.C.L.
245 1 _aEstudo do desenvolvimento inicial de Pinus caribaea Morelet var. hondurensis Barret e Golfari, em Brasilia [Pinheiro; Brasil]
246 1 _a[Study of early development of Pinus caribaea Morelet var. hondurensis Barret and Golfari in Brasilia [Pine tree; Brazil]]
650 _aProducao florestal
650 _aPinheiro
650 _aDesbaste
650 _aBrasilia
773 0 _tBrasil Florestal (Brazil)
_xISSN 0045-270X
_g(Jul 1980), v. 10(43) p. 25-34
_wBR8100404
909 _a202311
_bLúcia
_c55
_dLúcia Elande
942 _2AGRIS
_n0
_cANA
999 _c105569
_d105569